Statistics for 12 months 15 seconds

Click here to take the quiz!

General Stats

  • This quiz has been taken 20 times
  • The average score is 7 of 12

Answer Stats

HintAnswer% Correct
1January
87%
4April
80%
6June
80%
3March
80%
2February
73%
7July
73%
5May
73%
8August
47%
9September
40%
12December
27%
10October
27%
11Novermber
0%

Score Distribution

Percentile by Number Answered

Percent of People with Each Score

Your Score History

You have not taken this quiz